4TH GEN K-POP BOY GROUPS - Statistics

General Stats
  • This quiz has been taken 180 times
  • The average score is 14 of 68
Answer Stats
Boy Groups % Correct
Stray Kids
93%
ENHYPEN
87%
ATEEZ
81%
TOMORROW X TOGETHER
74%
The Boyz
56%
TREASURE
56%
P1Harmony
47%
CRAVITY
41%
ONEUS
37%
Xdinary Heroes
37%
AB6IX
34%
WayV
32%
CIX
31%
SuperM
26%
X1
25%
MCND
22%
TEMPEST
22%
A.C.E
21%
EPEX
21%
MIRAE
21%
ONEWE
21%
OnlyOneOf
21%
DRIPPIN
20%
OMEGA X
20%
Golden Child
19%
JUST B
19%
DKB
18%
DKZ
18%
WEi
18%
BAE173
17%
GHOST9
17%
KINGDOM
17%
TO1
17%
VERIVERY
17%
TNX
15%
1THE9
14%
E'LAST
14%
BDC
13%
NINE.i
13%
YOUNITE
13%
Ciipher
12%
TAN
12%
The Rose
12%
TRENDZ
12%
1TEAM
11%
BLITZERS
10%
D-CRUNCH
10%
LUMINOUS
10%
Vanner
9%
TRCNG
8%
BLANK2Y
7%
NTX
7%
T1419
6%
D1CE
5%
ENOi
5%
NewKidd
5%
SPECTRUM
5%
Black Level
3%
JWiiver
3%
LIMITLESS
3%
MustB
3%
N.CUS
3%
SUPERKIND
3%
AWEEK
2%
F.able
2%
MEGAMAX
2%
TRIGER
1%
W.A.O
1%
No matching quizzes found
Score Distribution
Percent of People with Each Score
Percentile by Number Answered
Your Score History
You have not taken this quiz